| 000 | 00463nam a22001697a 4500 | ||
|---|---|---|---|
| 003 | BD-ChCU | ||
| 005 | 20260302114627.0 | ||
| 008 | 260302b bg ||||| |||| 00| 0 ben d | ||
| 040 | _cBD-ChCU | ||
| 082 | _a621.81 TAT | ||
| 100 |
_aTarg , S. _920704 |
||
| 245 |
_aTheoritical mechanics : _ba short Course , tr. from the Russian ./ _cS. Targ . |
||
| 260 |
_aMoscow : _bMirpub , _cC 1968 |
||
| 300 | _a447p. | ||
| 650 | 0 |
_aMechanics . _920705 |
|
| 942 |
_2ddc _cBK _n0 |
||
| 999 |
_c111802 _d111802 |
||